[Event "FRA-chT2 East 0809"]
[Site "France"]
[Date "2009.01.18"]
[Round "6.6"]
[White "Cao, Philippe"]
[Black "Hoffmann, Regis"]
[Result "1/2-1/2"]
[WhiteElo "1970"]
[BlackElo "2108"]
[PlyCount "64"]
[EventDate "2008.10.19"]
[EventType "team-tourn"]
[EventRounds "11"]
[EventCountry "FRA"]
[SourceTitle "EXT 2010"]
[Source "ChessBase"]
[SourceDate "2010.11.25"]
[SourceVersion "1"]
[SourceVersionDate "2010.11.25"]
[SourceQuality "1"]
[WhiteTeam "Besancon TPG II"]
[BlackTeam "Mundolsheim"]
[WhiteTeamCountry "FRA"]
[BlackTeamCountry "FRA"]

1. e4 d6 2. d4 Nf6 3. Nc3 g6 4. f4 Bg7 5. Nf3 0-0 6. Bd3 Na6 7. 0-0 c5 8. d5 Rb8 9. a4 Nb4 10. Kh1 Bg4 11. h3 Bxf3 12. Qxf3 Qc7 13. Nb5 Qa5 14. Bd2 a6 15. Nc3 Qc7 16. Qe2 Nd7 17. Rac1 Nxd3 18. cxd3 b5 19. axb5 axb5 20. Be3 b4 21. Na4 Nb6 22. Nxb6 Qxb6 23. b3 Ra8 24. Rc2 Ra3 25. Rb1 Rfa8 26. Kh2 Qa6 27. e5 Ra2 28. Qd1 Qb7 29. Rxa2 Rxa2 30. Qf3 Rc2 31. Qe4 Re2 32. Qf3 Rc2 1/2-1/2

[Event "FRA-chT2 East 0809"]
[Site "France"]
[Date "2008.10.19"]
[Round "1.6"]
[White "Cao, Philippe"]
[Black "Gingene, Eric"]
[Result "0-1"]
[WhiteElo "1970"]
[BlackElo "2096"]
[PlyCount "44"]
[EventDate "2008.10.19"]
[EventType "team-tourn"]
[EventRounds "11"]
[EventCountry "FRA"]
[SourceTitle "EXT 2010"]
[Source "ChessBase"]
[SourceDate "2010.11.25"]
[SourceVersion "1"]
[SourceVersionDate "2010.11.25"]
[SourceQuality "1"]
[WhiteTeam "Besancon TPG II"]
[BlackTeam "Montrevel en Bresse"]
[WhiteTeamCountry "FRA"]
[BlackTeamCountry "FRA"]

1. e4 d6 2. d4 Nf6 3. Nc3 g6 4. f4 Bg7 5. Nf3 c5 6. Bb5+ Bd7 7. e5 Ng4 8. e6 Bxb5 9. exf7+ Kd7 10. Nxb5 Qa5+ 11. Nc3 cxd4 12. Nxd4 Bxd4 13. Qxd4 Nc6 14. Qc4 Rhf8 15. h3 Nh6 16. Be3 Rxf7 17. f5 Nxf5 18. Qxf7 Nxe3 19. Qf2 Qe5 20. Kd2 Nc4+ 21. Kc1 Qg5+ 22. Kd1 Rf8 0-1

[Event "FRA-ch op-A"]
[Site "Pau"]
[Date "2008.08.16"]
[Round "5"]
[White "Duchateau, Thomas"]
[Black "Cao, Philippe"]
[Result "1-0"]
[WhiteElo "2088"]
[BlackElo "1991"]
[PlyCount "75"]
[EventDate "2008.08.11"]
[EventType "swiss"]
[EventRounds "9"]
[EventCountry "FRA"]
[SourceTitle "CBM 126 Extra"]
[Source "ChessBase"]
[SourceDate "2008.11.05"]
[SourceVersion "1"]
[SourceVersionDate "2008.11.05"]
[SourceQuality "1"]

1. d4 d5 2. c4 c6 3. Nf3 Nf6 4. Nc3 e6 5. Bg5 Nbd7 6. cxd5 exd5 7. e3 Be7 8. Bd3 0-0 9. Qc2 Re8 10. Bf4 Nf8 11. h3 Ne6 12. Bh2 Bd7 13. g4 g6 14. 0-0-0 b5 15. Kb1 b4 16. Na4 Rc8 17. Ba6 Qa5 18. Bxc8 Rxc8 19. Ne5 Be8 20. Nd3 Ne4 21. f3 N4g5 22. Rde1 f6 23. h4 Nf7 24. Rc1 Nd6 25. Bxd6 Bxd6 26. Nac5 Nxc5 27. Nxc5 Qc7 28. f4 Qe7 29. Qd3 Bf7 30. Qa6 Rc7 31. Rhe1 Qd8 32. Qa5 Qc8 33. Na6 Rb7 34. Ka1 Kg7 35. g5 Be8 36. Qxd5 Be7 37. Qe4 Qd8 38. Nc5 1-0

[Event "FRA-ch op-A"]
[Site "Pau"]
[Date "2008.08.15"]
[Round "4"]
[White "Cao, Philippe"]
[Black "Favarel, Antoine"]
[Result "0-1"]
[WhiteElo "1991"]
[BlackElo "2074"]
[PlyCount "50"]
[EventDate "2008.08.11"]
[EventType "swiss"]
[EventRounds "9"]
[EventCountry "FRA"]
[SourceTitle "CBM 126 Extra"]
[Source "ChessBase"]
[SourceDate "2008.11.05"]
[SourceVersion "1"]
[SourceVersionDate "2008.11.05"]
[SourceQuality "1"]

1. e4 c5 2. Nf3 Nc6 3. d4 cxd4 4. Nxd4 Nf6 5. Nc3 e5 6. Ndb5 d6 7. Nd5 Nxd5 8. exd5 Nb8 9. Qf3 a6 10. Qa3 b6 11. c4 Be7 12. Be2 0-0 13. 0-0 f5 14. f4 Bb7 15. Nc3 Nd7 16. Qb3 exf4 17. Bxf4 Nc5 18. Qc2 Bf6 19. Rad1 Qe7 20. Rfe1 Rae8 21. Bf3 Bd4+ 22. Kf1 Qf6 23. Rxe8 Rxe8 24. Bd2 Qh4 25. Bg5 Qxh2 0-1

[Event "FRA-ch op-A"]
[Site "Pau"]
[Date "2008.08.13"]
[Round "2"]
[White "Cao, Philippe"]
[Black "Jacquot, David"]
[Result "1/2-1/2"]
[WhiteElo "1991"]
[BlackElo "2087"]
[PlyCount "62"]
[EventDate "2008.08.11"]
[EventType "swiss"]
[EventRounds "9"]
[EventCountry "FRA"]
[SourceTitle "CBM 126 Extra"]
[Source "ChessBase"]
[SourceDate "2008.11.05"]
[SourceVersion "1"]
[SourceVersionDate "2008.11.05"]
[SourceQuality "1"]

1. e4 c5 2. Nf3 Nc6 3. d4 cxd4 4. Nxd4 Nf6 5. Nc3 d6 6. Bg5 e6 7. Qd2 Be7 8. 0-0-0 a6 9. f4 Bd7 10. Nf3 Qc7 11. Bd3 0-0 12. h3 Rfe8 13. g4 b5 14. Kb1 Nb4 15. f5 Bc6 16. Nd4 e5 17. Nxc6 Nxc6 18. Bxf6 Bxf6 19. h4 Be7 20. g5 Bf8 21. h5 Nd4 22. Nd5 Qb7 23. h6 Nxf5 24. hxg7 Bxg7 25. Qg2 Ne7 26. Qh3 Nxd5 27. Qxh7+ Kf8 28. exd5 e4 29. Bxe4 Re5 30. Qh4 Qe7 31. Bd3 Qxg5 1/2-1/2

[Event "Besancon op"]
[Site "Besancon"]
[Date "2005.12.29"]
[Round "6"]
[White "Cao, Philippe"]
[Black "Chavetnoir, Rene"]
[Result "0-1"]
[WhiteElo "2018"]
[BlackElo "1700"]
[PlyCount "56"]
[EventDate "2005.12.27"]
[EventType "swiss"]
[EventRounds "7"]
[EventCountry "FRA"]
[SourceTitle "CBM 110 Extra"]
[Source "ChessBase"]
[SourceDate "2006.03.10"]
[SourceVersion "2"]
[SourceVersionDate "2006.03.10"]
[SourceQuality "1"]

1. e4 c5 2. Nf3 d6 3. d4 cxd4 4. Nxd4 Nf6 5. Nc3 a6 6. Be3 e6 7. f3 Qc7 8. Qd2 Nbd7 9. g4 h6 10. 0-0-0 b5 11. Kb1 b4 12. Na4 d5 13. exd5 Nxd5 14. Bd3 Bb7 15. Rhe1 Be7 16. Be2 Qa5 17. b3 Nc5 18. Nxe6 Nxe6 19. Bc4 Rd8 20. Bxd5 Rxd5 21. Qe2 Rxd1+ 22. Rxd1 Qc7 23. Nb6 Bc5 24. Bxc5 Qxc5 25. Nd7 Qb5 26. Qe3 Ke7 27. Qd2 Rd8 28. Qd6+ Ke8 0-1